| 000 | 01214nam a2200373 c 4500 | ||
|---|---|---|---|
| 001 | 23977 | ||
| 003 | ES-MaCES | ||
| 005 | 20150925135643.0 | ||
| 008 | 110901s2011 xxud t 000 | eng d | ||
| 020 | _a9780393979527 (hbk) | ||
| 035 | _aCES20110006893m | ||
| 040 |
_aES-MaCES _bspa _cES-MaCES |
||
| 100 | 1 |
_aLaing, Derek _916097 |
|
| 245 | 1 | 0 |
_aLabor economics _b: introduction to classic and the new labor economics _cDerek Laing |
| 250 | _a1st ed | ||
| 260 |
_aNew York _aLondon _bW. W. Norton & Company _c2011 |
||
| 300 |
_aXXVII, 899 p., p. var. _bgráf. col. _c25 cm |
||
| 500 | _aÍndices | ||
| 504 | _aBibligrafía: R1-R35 | ||
| 541 | _cCompra | ||
| 650 | 4 |
_amercado de trabajo _928292 |
|
| 650 | 4 |
_aanálisis del mercado de mano de obra _930745 |
|
| 650 | 4 |
_acapital humano _929498 |
|
| 650 | 4 |
_aformación profesional _927394 |
|
| 650 | 4 |
_acondiciones de empleo _930040 |
|
| 650 | 4 |
_aeconomía del trabajo _929346 |
|
| 650 | 4 |
_aEstados Unidos _928373 |
|
| 653 | 1 | 0 | _aRelaciones laborales-Empleo |
| 650 | 4 |
_928300 _apolítica de empleo |
|
| 650 | 4 |
_928369 _arelaciones laborales |
|
| 902 | _aLIB Libro | ||
| 942 |
_2CES _cBK _h2.0. |
||
| 999 |
_c23977 _d23977 |
||